History Quiz

Random History or State Quiz
Score 0/17 Timer 02:00
7 Plays Today
State President % Correct
IllinoisBarack Obama
93.2%
DelawareJoe Biden
87.4%
MassachusettsJohn F. Kennedy
86.2%
TexasLyndon Baines Johnson
84%
TennesseeAndrew Johnson
82.3%
CaliforniaRichard Nixon
76.9%
MassachusettsJohn Quincy Adams
74.4%
MissouriHarry S. Truman
71.8%
TennesseeAndrew Jackson
68.6%
State President % Correct
VirginiaJames Monroe
62.5%
IndianaBenjamin Harrison
57.8%
OhioWilliam Henry Harrison
57.7%
New HampshireFranklin Pierce
52.8%
OhioWarren G. Harding
50.5%
VirginiaJohn Tyler
50.1%
New YorkMartin Van Buren
48.3%
PennsylvaniaJames Buchanan
47.5%
Remove Ads.
Support Sporcle.
Get the best of Sporcle when you Go Orange. This ad-free experience offers more features, more stats, and more fun while also helping to support Sporcle. Thank you for becoming a member.

You're not logged in!

Compare scores with friends on all Sporcle quizzes.
OR
Log In

Show Comments

Extras

Top Quizzes Today


Score Distribution

Your Account Isn't Verified!

In order to create a playlist on Sporcle, you need to verify the email address you used during registration. Go to your Sporcle Settings to finish the process.

Report this User

Report this user for behavior that violates our Community Guidelines.

Details: